Previous NHL Arenas - Statistics

General Stats
  • This quiz has been taken 16 times
    7 since last reset
  • The average score is 17 of 31
Answer Stats
Eastern Conference Years Answer % Correct
Boston Bruins 1928-1995 Boston Garden
100%
Detroit Red Wings 1979-2017 Joe Louis Arena
100%
Toronto Maple Leafs 1931-1999 Maple Leaf Gardens
100%
Montreal Canadiens 1926-1996 Montreal Forum
100%
Anaheim Ducks 1993- Arrowhead Pond of Anaheim
83%
Buffalo Sabres 1970-1996 Buffalo Memorial Auditorium
83%
Los Angeles Kings 1967-1999 Great Western Forum
83%
New York Islanders 2015-2020 Barclays Center
67%
Chicago Blackhawks 1929-1994 Chicago Stadium
67%
Philadelphia Flyers 1967-1996 CoreStates Spectrum
67%
New York Rangers 1926-1968 Madison Square Garden
67%
Columbus Blue Jackets 2000- Nationwide Arena
67%
Ottawa Senators 1992-1996 Ottawa Civic Centre
67%
Washington Capitals 1974-1997 US Airways Arena
67%
San Jose Sharks 1991-1993 Cow Palace
50%
New Jersey Devils 1982-2007 Izod Center
50%
Pittsburgh Penguins 1967-2010 Mellon Arena
50%
Vancouver Canucks 1970-1995 Pacific Coliseum
50%
Edmonton Oilers 1974-2016 Rexall Place
50%
Nashville Predators 1998- Sommet Center
50%
St. Louis Blues 1967-1994 St. Louis Arena
50%
Minnesota Wild 2000- Xcel Energy Center
50%
Carolina Hurricanes 1997-1999 Greensboro Coliseum
33%
Colorado Avalanche 1995-1999 McNichols Sports Arena
33%
Florida Panthers 1993-1998 Miami Arena
33%
Tampa Bay Lightning 1993-1996 Thunderdome
33%
Vegas Golden Knights 2017- T-Mobile Arena
33%
Arizona Coyotes 1996-2003 America West Arena
17%
Winnipeg Jets 1999-2001 Philips Arena
17%
Dallas Stars 1993-2001 Reunion Arena
17%
Calgary Flames 1980-1983 Stampede Corral
0%
No matching quizzes found
Score Distribution
Percent of People with Each Score
Percentile by Number Answered
Your Score History
You have not taken this quiz since the last reset